000
002720000a22001090004500
090
_a
AS
_b
Seriadas
245
1
0
_a
Apuntes botánicos, II
041
0
_a
Español
100
1
_a
Romero Castañeda, Rafael
_9
8613
942
_c
ARTICULO
773
1
_t
Caldasia
_3
45
_h
39
_q
435-441
_d
1960
_g
8
999
_c
14860
_d
14860